EPIC: The Musical - Songs by Line Count - Statistics

General Stats
  • This quiz has been taken 71 times
  • The average score is 29 of 40
Answer Stats
Saga Hint Answer % Correct
Underworld 48 The Underworld
86%
Troy 22 Just a Man
82%
Underworld 29 No Longer You
82%
Ocean 56 Ruthlessness
82%
Thunder 48 Thunder Bringer
78%
Troy 60 Full Speed Ahead
76%
Underworld 53 Monster
76%
Cyclops 56 My Goodbye
76%
Troy 66 Open Arms
76%
Cyclops 49 Polyphemus
76%
Circe 72 Puppeteer
76%
Troy 63 The Horse and the Infant
76%
Ocean 48 Luck Runs Out
74%
Cyclops 49 Survive
74%
Circe 47 There Are Other Ways
74%
Troy 51 Warrior of the Mind
74%
Circe 58 Wouldn't You Like
74%
Wisdom 82 God Games
72%
Wisdom 47 Legendary
72%
Ocean 31 Storm
72%
Vengeance 26 Charybdis
70%
Thunder 49 Different Beast
70%
Circe 48 Done For
70%
Vengeance 38 Get in the Water
70%
Ithaca 46 I Can't Help But Wonder
70%
Ocean 64 Keep Your Friends Close
70%
Vengeance 53 Not Sorry For Loving You
70%
Ithaca 68 Odysseus
70%
Cyclops 72 Remember Them
70%
Thunder 30 Scylla
70%
Vengeance 43 Six Hundred Strike
70%
Ithaca 52 Would You Fall in Love With Me Again
70%
Vengeance 65 Dangerous
68%
Ithaca 49 Hold Them Down
68%
Wisdom 73 Love in Paradise
68%
Thunder 45 Suffering
68%
Wisdom 28 We'll Be Fine
68%
Ithaca 35 The Challenge
66%
Wisdom 61 Little Wolf
64%
Thunder 73 Mutiny
64%
No matching quizzes found
Score Distribution
Percent of People with Each Score
Percentile by Number Answered
Your Score History
You have not taken this quiz